000
00247nam a2200109Ia 4500
008
190216s9999||||xx |||||||||||||| ||und||
100
_a
Haming Way
245
2
_a
A Moveable Feast
260
_b
Penguin Books
650
_a
English Novel
942
_c
BK
999
_c
12692
_d
12692